000 00440nam a2200169Ia 4500
008 130318s9999 xx 000 0 und d
020 _a9780070144941
082 _a658.4038011 OBR/M
100 _aO'Brien, James
245 _aManagement Informaton Systems
250 _a9
260 _bTata Mc Graw Hill
_aNew Delhi
_c2009
300 _a831
650 _aDATA RESOURCE MANAGEMENT
700 _aBehl, Ramesh
700 _aMarakas, Jeorge M
999 _c2263
_d2263